[Event "It (open)"]
[Site "masterchessopen.com - Villa Martelli (Argentina)"]
[Round "5"]
[White "Panno Oscar (ARG)"]
[Black "Coda Carlos (ARG)"]
[Result "1-0"]
[WhiteElo "2454"]
[BlackElo "2149"]

1.d4 f5 2.g3 e6 3.Bg2 Nf6 4.Nf3 Be7 5.O-O O-O 6.c4 d6 7.b3 Qe8 8.Nc3 Nbd7
9.Ba3 Qh5 10.e3 Qh6 11.Re1 Kh8 12.e4 f4 13.e5 fxg3 14.hxg3 Ng4 15.Ne4 Nb6
16.exd6 cxd6 17.Bxd6 Bxd6 18.Nxd6 Bd7 19.Re4 Qh5 20.Nh4 e5 21.Bf3 Rf4 22.Rxe5
Qh6 23.Bxg4 {#r} 1-0

[Event "It (open)"]
[Site "masterchessopen.com - Crailsheim (Germany)"]
[Round "7"]
[White "Braun Peter (GER)"]
[Black "Thieme-Garmann Alexander (GER)"]
[Result "1-0"]
[WhiteElo "2269"]
[BlackElo "2203"]

1.d4 e6 2.Nf3 f5 3.g3 Nf6 4.Bg2 Be7 5.O-O O-O 6.c4 d6 7.Nc3 Qe8 8.b3 a5 9.Bb2
c6 10.Qc2 Qg6 11.Rad1 Na6 12.a3 Bd7 13.Na4 Bd8 14.c5 Bc7 15.cxd6 Bxd6 16.Nb6
Rad8 17.Nc4 Bc7 18.Bc3 a4 19.bxa4 Ne4 20.Ba5 Qf6 21.Rb1 Bc8 22.Bxc7 Nxc7
23.Nb6 Nd6 24.e3 Bd7 25.Ne5 Be8 26.Nbc4 Nxc4 27.Qxc4 Rb8 28.Rb2 Qe7 29.Qb4 Qd8
30.Qb6 Bg6 31.Rfb1 Qe7 32.Qb4 Qd8 33.Nxc6 {#r} 1-0

[Event "It (open) (w)"]
[Site "masterchessopen.com - Rodewisch (Germany)"]
[Round "8"]
[White "Romaszko-Van Den Heuvel Sylwia (POL)"]
[Black "Just Anita (GER)"]
[Result "1-0"]
[WhiteElo "2089"]
[BlackElo "2071"]

1.d4 e6 2.c4 f5 3.g3 Nf6 4.Bg2 Be7 5.Nf3 d6 6.O-O O-O 7.b3 Qe8 8.Nc3 Nbd7
9.Bb2 Qh5 10.Qc2 a6 11.Rfe1 e5 12.dxe5 dxe5 13.e4 f4 14.gxf4 Ng4 15.f5 Bc5
16.Nd1 g6 17.h3 Nh6 18.Nxe5 Nxe5 19.Bxe5 c6 20.Bb2 Be7 21.Qc3 Bf6 22.e5 Bh8
23.f6 Be6 24.Qf3 Qxf3 25.Bxf3 Nf7 26.Bg4 Rfe8 27.Bc3 b5 28.Bxe6 Rxe6 29.f4 Rd8
30.Nf2 c5 31.Ne4 Rc8 32.Rad1 b4 33.Bb2 Rc7 34.Rd5 Rec6 35.Red1 Rc8 36.Nd6 {#r}
1-0

[Event "Ch Russia (juniors) (team)"]
[Site "masterchessopen.com - Rybinsk (Russia)"]
[Round "0"]
[White "Alekseev Vadim (BLR)"]
[Black "Pincher Denis (RUS)"]
[Result "0-1"]
[WhiteElo "2412"]
[BlackElo "2257"]

1.d4 f5 2.c4 Nf6 3.Nc3 e6 4.g3 Be7 5.Bg2 d6 6.Nf3 O-O 7.O-O Qe8 8.b3 c6 9.Bb2
Nbd7 10.Qc2 Qg6 11.Rae1 Nh5 12.e4 f4 13.Qd2 e5 14.d5 c5 15.Na4 b6 16.b4 Ba6
17.b5 Bc8 18.Nc3 Qf7 19.Bh3 Nb8 20.Bxc8 Rxc8 21.Kg2 Qg6 22.Rh1 Rf8 23.Bc1 Nd7
24.Qd1 Rf7 25.Kf1 fxg3 26.fxg3 Raf8 27.Re3 Bg5 {#R} 0-1

[Event "Oberliga East A 2001/02"]
[Site "masterchessopen.com - Germany"]
[Round "2"]
[White "Richter Mirko (GER)"]
[Black "Franz Joachim (GER)"]
[Result "0-1"]
[WhiteElo "2074"]
[BlackElo "2106"]

1.Nf3 e6 2.c4 f5 3.g3 Nf6 4.Bg2 Be7 5.O-O O-O 6.Nc3 d6 7.d4 Qe8 8.b3 Nc6 9.Bb2
e5 10.dxe5 dxe5 11.Nd5 Bd8 12.Ne1 a5 13.Nc2 Nb8 14.Nxf6+ Bxf6 15.Qd5+ Kh8
16.e4 c6 17.Qd3 f4 18.Rad1 Nd7 19.Ba3 Be7 20.Bxe7 Qxe7 21.Qd6 Qxd6 22.Rxd6 Nc5
23.gxf4 exf4 24.Rfd1 Kg8 25.f3 Kf7 26.Nd4 Ke7 27.Ne2 Be6 28.Kf2 g5 29.Nc1 a4
30.b4 Na6 31.a3 Nc7 32.Bf1 Rf6 33.R6d4 Rh6 34.Kg1 Rg8 35.R1d2 b6 36.Nd3 Bc8
37.Ne5 c5 38.R4d3 Re6 39.Ng4 h5 40.Nf2 g4 41.Bg2 Reg6 42.Kf1 Ne6 43.fxg4 hxg4
44.e5 f3 45.Bh1 Nd4 46.Ne4 Bf5 47.Rxd4 cxd4 48.Ng3 Be6 {#R} 0-1

[Event "Ch Hungary (team) 2000/01 (2 liga)"]
[Site "masterchessopen.com - Hungary"]
[Round "6"]
[White "Kovacs Tamas (HUN)"]
[Black "Gara Gyorgy (HUN)"]
[Result "0-1"]
[WhiteElo "2180"]
[BlackElo "2181"]

1.d4 e6 2.Nf3 f5 3.g3 Nf6 4.Bg2 Be7 5.O-O O-O 6.c4 d6 7.Nc3 Qe8 8.b3 Qh5 9.Ba3
Nbd7 10.e3 Ng4 11.h3 Nh6 12.Ne5 Qe8 13.Nd3 Nf7 14.Nf4 Nf6 15.d5 e5 16.Ne6 Bxe6
17.dxe6 Nd8 18.Nb5 Nxe6 19.Bxb7 a6 20.Bxa8 Qxa8 21.Nc3 f4 22.exf4 Nd4 23.f3 c5
24.Qd3 Nh5 25.Nd5 Qd8 26.Kg2 Bh4 27.Bb2 Bxg3 28.Bxd4 cxd4 29.Rh1 Rxf4 30.Kf1
e4 31.Qxd4 Rxf3+ 32.Ke2 Be5 33.Qb6 Ng3+ 34.Kd2 Qf8 35.Rae1 Nxh1 36.Rxh1 Bd4
37.Qxd4 Rd3+ 38.Qxd3 exd3 39.Rh2 {#R} 0-1

[Event "It (open)"]
[Site "masterchessopen.com - Balatonlelle (Hungary)"]
[Date "2001.09.02"]
[Round "1"]
[White "Markus Robert (SRB)"]
[Black "Gara Gyorgy (HUN)"]
[Result "1-0"]
[WhiteElo "2450"]
[BlackElo "2181"]

1.d4 e6 2.c4 f5 3.g3 Nf6 4.Bg2 Be7 5.Nf3 d6 6.O-O O-O 7.Nc3 Qe8 8.b3 a5 9.Bb2
Qh5 10.Re1 Nbd7 11.e4 fxe4 12.Nxe4 h6 13.Qd3 Nxe4 14.Rxe4 Bf6 15.Qe2 Nb8
16.Re1 a4 17.Bc3 Nc6 18.h4 e5 19.dxe5 dxe5 20.Nxe5 Qxe2 21.R4xe2 Nxe5 22.Bxe5
Bxe5 23.Rxe5 axb3 24.axb3 Ra2 25.Bd5+ Kh7 26.Re8 Rxe8 27.Rxe8 Bf5 28.h5 {#r}
1-0

[Event "It (open)"]
[Site "masterchessopen.com - Bad Wiessee (Germany)"]
[Date "2001.11.02"]
[Round "7"]
[White "Weber Ulrich (GER)"]
[Black "Schulte Juergen (GER)"]
[Result "1-0"]
[WhiteElo "2322"]
[BlackElo "2139"]

1.Nf3 d6 2.d4 f5 3.g3 Nf6 4.Bg2 e6 5.O-O Be7 6.c4 O-O 7.b3 Qe8 8.Nc3 Nbd7
9.Qc2 Qh5 10.e4 fxe4 11.Nxe4 e5 12.Neg5 exd4 13.Ne6 Ne5 14.Nfxd4 Nfg4 15.h3
Bxe6 16.Nxe6 Nf3+ 17.Bxf3 Rxf3 18.hxg4 Qe5 19.Nxc7 Qc5 20.Kg2 Raf8 21.Nd5 {#r}
1-0

[Event "It (cat.8)"]
[Site "masterchessopen.com - Alushta (Ukraine)"]
[Round "6"]
[White "Selin Oleg (RUS)"]
[Black "Obukhov Alexander (RUS)"]
[Result "0-1"]
[WhiteElo "2396"]
[BlackElo "2485"]

1.d4 f5 2.c4 e6 3.g3 Nf6 4.Bg2 d6 5.Nf3 Be7 6.O-O O-O 7.Nc3 Qe8 8.b3 a5 9.Bb2
Na6 10.e3 Qh5 11.Qe2 Ne4 12.Rfd1 Rb8 13.Ne1 Qxe2 14.Nxe2 b5 15.cxb5 Rxb5
16.Nd3 Bd7 17.Nc3 Nxc3 18.Bxc3 Nb4 19.a4 Rbb8 20.Bxb4 axb4 21.Rdc1 Rfc8 22.Rc4
d5 23.Rc2 c6 24.a5 Bd6 25.Ne5 Bxe5 26.dxe5 c5 27.Rac1 c4 28.bxc4 b3 {#R} 0-1

[Event "Tournament"]
[Site "masterchessopen.com - Banfield (Argentina)"]
[Round "6"]
[White "Varela Daniel (ARG)"]
[Black "Villanueva Mario (ARG)"]
[Result "1-0"]
[WhiteElo "2164"]
[BlackElo "2029"]

1.d4 e6 2.c4 f5 3.Nc3 Nf6 4.g3 Be7 5.Bg2 O-O 6.Nf3 d6 7.O-O Qe8 8.b3 a5 9.Bb2
Ne4 10.Ne1 Nxc3 11.Bxc3 c6 12.Nd3 d5 13.f3 b5 14.Ne5 Bb7 15.c5 b4 16.Bd2 Nd7
17.Bf4 g5 18.Nxd7 Qxd7 19.Be5 Bf6 20.f4 g4 21.Kf2 Kg7 22.h3 h5 23.hxg4 hxg4
24.Rh1 Rh8 25.Qd3 Rxh1 26.Rxh1 Bxe5 27.fxe5 Rh8 28.Qe3 Rxh1 29.Qg5+ Kf7
30.Bxh1 Qc8 31.Qf6+ Ke8 32.Bg2 Ba6 33.Bf1 Qd7 34.Qh8+ Ke7 35.Qb8 Qb7 36.Qd6+
Kf7 37.Qd8 a4 38.Qf6+ Kg8 39.Qxe6+ Kh8 40.Qxf5 {#r} 1-0

[Event "It (open) \"]
[Site "masterchessopen.com - Copenhagen (Denmark)"]
[Round "10"]
[White "Palo Davor (DEN)"]
[Black "Rasmussen Allan Stig (DEN)"]
[Result "1-0"]
[WhiteElo "2484"]
[BlackElo "2339"]

1.d4 f5 2.c4 Nf6 3.g3 e6 4.Bg2 Be7 5.Nf3 d6 6.O-O O-O 7.Nc3 Qe8 8.b3 a5 9.Re1
Qg6 10.e4 fxe4 11.Nxe4 Nxe4 12.Rxe4 Nc6 13.Bb2 Bf6 14.Re3 a4 15.Bc3 axb3
16.axb3 Bd7 17.Bh3 Qf7 18.Rxa8 Rxa8 19.Qe2 Re8 20.b4 Kf8 21.b5 Na7 22.Ne5 Bxe5
23.dxe5 Kg8 24.b6 Nc6 25.bxc7 dxe5 26.Bg2 Nd4 27.Qb2 Bc8 28.Rxe5 Nf3+ 29.Bxf3
Qxf3 30.Re3 Qd1+ 31.Re1 Qf3 32.Qd2 Rf8 33.Qe3 Qc6 34.Be5 b6 35.Qe4 Qc5 36.Qd4
Qc6 37.Qg4 g6 38.Qe4 Qc5 39.Qd4 Qc6 40.Qe4 Qc5 41.Re3 b5 42.cxb5 Qxb5 43.Bc3
Rf5 44.Qd4 Kf7 45.Qg7+ Ke8 46.Qg8+ {#r} 1-0

[Event "Oberliga Southwest 2001/02"]
[Site "masterchessopen.com - Germany"]
[Round "0"]
[White "Louis Volker (GER)"]
[Black "Bohn Thomas (GER)"]
[Result "0-1"]
[WhiteElo "2199"]
[BlackElo "2365"]

1.d4 e6 2.c4 f5 3.g3 Nf6 4.Bg2 Be7 5.Nf3 d6 6.O-O O-O 7.Nc3 Qe8 8.b3 a5 9.Ba3
Na6 10.e3 c6 11.d5 cxd5 12.cxd5 e5 13.Nd2 b5 14.Bb2 Bd7 15.Qe2 Nc7 16.Rfd1 h5
17.e4 b4 18.Na4 Qg6 19.exf5 Bxf5 20.Nf1 Rab8 21.Bxe5 Rfe8 22.Bd4 Nb5 23.Bb2
Ng4 24.Qd2 h4 25.Re1 hxg3 26.hxg3 Rb7 27.Rac1 Rf8 28.f3 Nh6 29.Rc6 Bg5 30.f4
Bd8 31.Nc5 Bb6 32.Rc1 Re8 33.Rxb6 Rxb6 34.Ne6 Rb7 35.Qe2 Bd3 36.Qf3 Ng4 37.Bh3
Bf5 38.Ng5 {#R} 0-1

[Event "It (open) (juniors)"]
[Site "masterchessopen.com - Hallsberg (Sweden)"]
[Round "4"]
[White "Bodnar Ovidiu (ROM)"]
[Black "Rasmussen Allan Stig (DEN)"]
[Result "1-0"]
[WhiteElo "2171"]
[BlackElo "2339"]

1.d4 f5 2.c4 Nf6 3.g3 e6 4.Bg2 Be7 5.Nf3 d6 6.O-O O-O 7.Nc3 Qe8 8.b3 a5 9.Ba3
c6 10.Qc2 e5 11.c5 d5 12.Nxe5 Nbd7 13.Nxd7 Bxd7 14.Bc1 Qh5 15.f3 Rae8 16.Bf4
g5 17.Bc7 Rc8 18.Bxa5 f4 19.e3 fxg3 20.hxg3 g4 21.f4 Bf5 22.e4 dxe4 23.Nxe4
Qg6 24.Qc4+ Kg7 25.Rae1 Nxe4 26.Bxe4 Bxe4 27.Qe2 Bd8 28.Bxd8 Re8 29.f5 Qh5
30.f6+ Kh8 31.Be7 Qh1+ 32.Kf2 Qg2+ 33.Ke3 Qxg3+ 34.Kd2 Bf3 35.Qe5 Qxe5 36.dxe5
Rxe7 37.fxe7 Re8 38.Ke3 Rxe7 39.Kf4 Kg7 40.Rf2 Rd7 41.e6 Rd4+ 42.Kg3 Kf8
43.e7+ Ke8 44.Rh2 Rd3 45.Rh6 Bd1+ 46.Kf4 Rf3+ 47.Kg5 {#r} 1-0

[Event "It (open)"]
[Site "masterchessopen.com - Nuremberg (Germany)"]
[Round "3"]
[White "Hegele Juergen (GER)"]
[Black "Suess Stefan (GER)"]
[Result "1-0"]
[WhiteElo "2096"]
[BlackElo "1805"]

1.c4 f5 2.g3 Nf6 3.Bg2 e6 4.Nc3 Be7 5.Nf3 O-O 6.O-O d6 7.d4 Qe8 8.b3 Nbd7
9.Ng5 Bd8 10.f4 h6 11.Nf3 Ne4 12.Nxe4 fxe4 13.Nd2 d5 14.e3 b6 15.Bb2 c5 16.Rc1
Bb7 17.Bh3 Nf6 18.dxc5 Qe7 19.Bxf6 Qxf6 20.f5 Qg5 21.Qe2 exf5 22.cxb6 Bxb6
23.c5 Ba5 24.Rf4 Bc7 25.c6 Bxf4 26.exf4 Qe7 27.cxb7 Qxb7 28.Nf1 Rac8 29.Rxc8
Qxc8 30.Qe3 Qa6 31.Qd4 Qb6 32.Qxb6 axb6 33.Ne3 d4 34.Nxf5 d3 35.Ne3 Rc8
36.Bxc8 {#r} 1-0

[Event "It (open)"]
[Site "masterchessopen.com - Oberwart (Austria)"]
[Round "8"]
[White "Horvath Peter_ (HUN)"]
[Black "Moser Eva (AUT)"]
[Result "1-0"]
[WhiteElo "2458"]
[BlackElo "2341"]

1.d4 e6 2.c4 f5 3.Nf3 Nf6 4.g3 d6 5.Bg2 Be7 6.O-O O-O 7.Nc3 Qe8 8.b3 Qh5 9.Ba3
Rf7 10.e3 Nbd7 11.Re1 c6 12.d5 exd5 13.cxd5 c5 14.b4 b6 15.bxc5 bxc5 16.Rb1
Nb6 17.Qd3 Ne4 18.Ne2 g5 19.Bc1 c4 20.Qc2 Bb7 21.Nd2 Nxf2 22.Kxf2 f4 23.exf4
gxf4 24.Kg1 fxg3 25.Nxg3 Qg4 26.Qe4 Qc8 27.Qe6 Qc5+ 28.Kh1 Bxd5 29.Bxd5 Nxd5
30.Nde4 Qc6 31.Rf1 Rf8 32.Bh6 Nf6 33.Bxf8 {#r} 1-0

[Event "It (open) \"]
[Site "masterchessopen.com - Raipur (India)"]
[Round "7"]
[White "Gokhale Anupama (IND)"]
[Black "Girinath P D S (IND)"]
[Result "1-0"]
[WhiteElo "2178"]
[BlackElo "2276"]

1.d4 f5 2.g3 Nf6 3.Bg2 e6 4.Nf3 Be7 5.O-O O-O 6.c4 d6 7.Nc3 Qe8 8.b3 a5 9.Bb2
Na6 10.e3 c6 11.Rc1 Rb8 12.Ne2 b5 13.c5 dxc5 14.dxc5 Nxc5 15.Ne5 Bb7 16.Nf4 g5
17.Nfd3 Nxd3 18.Nxd3 Rd8 19.Qc2 Ne4 20.Bxe4 fxe4 21.Nc5 Bxc5 22.Qxc5 Rd5
23.Qc3 Qg6 24.Rcd1 b4 25.Qc4 Rfd8 26.Rd4 Rxd4 27.Bxd4 Qf5 28.Rc1 Kf7 29.Qc2 e5
30.Bb6 Qf3 31.Bxd8 Bc8 32.Qd1 {#r} 1-0

[Event "It (b)"]
[Site "masterchessopen.com - Rosny Sous Bois (France)"]
[Round "6"]
[White "Sainte-Marie Laurent (FRA)"]
[Black "Le Gall Eric (FRA)"]
[Result "1-0"]
[WhiteElo "1978"]
[BlackElo "1763"]

1.Nf3 e6 2.c4 f5 3.d4 Nf6 4.g3 Be7 5.Bg2 O-O 6.O-O d6 7.Nc3 Qe8 8.b3 Nc6 9.Bb2
Bd8 10.d5 exd5 11.cxd5 Ne5 12.Nd4 Qh5 13.Ne6 Nfg4 14.h3 Bxe6 15.dxe6 Nf6
16.Nd5 Re8 17.e7 Bxe7 18.Nxc7 Kf8 19.Nxa8 Rxa8 20.Rc1 Ne4 21.Bxe5 dxe5 22.Qd7
Rd8 23.Rc8 Qg5 24.Rd1 Nc3 25.Rxd8+ Kf7 26.Rd6 {#r} 1-0

[Event "It (open)"]
[Site "masterchessopen.com - Metz (France)"]
[Round "8"]
[White "Lalic Bogdan (ENG)"]
[Black "Marzolf Bruno (FRA)"]
[Result "1-0"]
[WhiteElo "2515"]
[BlackElo "2270"]

1.Nf3 f5 2.g3 Nf6 3.d4 e6 4.Bg2 Be7 5.c4 O-O 6.O-O d6 7.Nc3 Qe8 8.b3 a5 9.Re1
Ne4 10.Qd3 Qg6 11.Bb2 Nc6 12.Rad1 Nxc3 13.Bxc3 Bf6 14.a3 Kh8 15.e4 e5 16.dxe5
dxe5 17.Qd5 fxe4 18.Nxe5 Nxe5 19.Bxe5 Bg4 20.Bxe4 Qh6 21.Bxc7 Bc3 22.Rf1 Rae8
23.f3 Qe3+ 24.Kh1 Bh3 25.Qh5 Rxe4 26.Qxh3 Ree8 27.Bf4 Qb6 28.Rd3 Bb2 29.Bd6
Rf6 30.Qh5 Rfe6 31.Qc5 Qd8 32.Qd5 Qd7 33.Rf2 Bf6 34.Kg2 Bd8 35.Bc5 Qc8 36.Qd7
Qa8 37.Bd4 Bf6 38.Bxf6 Rxf6 39.Rd6 Rxd6 40.Qxd6 Qc8 41.a4 h6 42.Qb6 Re5 43.f4
Rc5 44.Rd2 Kh7 45.Qd6 h5 46.Qd4 Kh6 47.Qd8 Qf5 48.Qd6+ Kh7 49.Qd3 {#r} 1-0

[Event "Cup European Club (final)"]
[Site "masterchessopen.com - Rethymnon (Greece)"]
[Round "7"]
[White "Ahlander Bjorn (SWE)"]
[Black "Boe Mads (DEN)"]
[Result "1-0"]
[WhiteElo "2411"]
[BlackElo "2365"]

1.d4 f5 2.Nf3 Nf6 3.g3 e6 4.Bg2 Be7 5.O-O O-O 6.c4 d6 7.Nc3 Qe8 8.b3 Nc6 9.d5
exd5 10.cxd5 Ne5 11.Nd4 Bd7 12.Bb2 Qg6 13.e3 Nh5 14.Nce2 Ng4 15.Nf4 Nxf4
16.exf4 Rae8 17.Qd3 Bd8 18.Rac1 a6 19.Qd2 Nf6 20.Rfe1 Ne4 21.Qc2 Qf7 22.Rcd1
Qg6 23.Re3 Nf6 24.Ne6 Bxe6 25.dxe6 c6 26.Rxd6 Bc7 27.Rd2 Nh5 28.Rd7 Bb6 29.Re2
Rxe6 30.Qc4 Re8 31.Rxb7 {#r} 1-0

[Event "Cup European Club (final)"]
[Site "masterchessopen.com - Rethymnon (Greece)"]
[Round "2"]
[White "Marechal Andy (BEL)"]
[Black "Boe Mads (DEN)"]
[Result "0-1"]
[WhiteElo "2258"]
[BlackElo "2365"]

1.d4 f5 2.g3 Nf6 3.Bg2 e6 4.c4 Be7 5.Nf3 O-O 6.O-O d6 7.Nc3 Qe8 8.b3 Kh8 9.Bb2
Qh5 10.Ba3 Qe8 11.Bb2 Qh5 12.e3 a6 13.Ne1 Qf7 14.Nd3 Nc6 15.f4 Bd7 16.Qd2 Rab8
17.a4 Na5 18.Qc2 b6 19.Rfe1 Bc6 20.e4 fxe4 21.Nxe4 Nxe4 22.Bxe4 Bxe4 23.Rxe4
Bf6 24.Rae1 Rfe8 25.b4 Nxc4 26.f5 d5 27.fxe6 Qg6 28.Nf4 Qf5 29.Bc1 Bxd4+
30.Kg2 dxe4 31.Qxc4 c5 32.b5 axb5 33.axb5 g5 34.Rd1 Rbd8 35.e7 Rxe7 36.Bb2
gxf4 37.Rxd4 cxd4 38.Bxd4+ Rxd4 39.Qc8+ {#R} 0-1

[Event "Tournament \"]
[Site "masterchessopen.com - Sydney (Australia)"]
[Round "9"]
[White "Rej Tomek (AUS)"]
[Black "Tan Justin_ (AUS)"]
[Result "1-0"]
[WhiteElo "2248"]
[BlackElo "2268"]

1.d4 e6 2.g3 f5 3.Bg2 Nf6 4.c4 Be7 5.Nf3 d6 6.O-O O-O 7.Nc3 Qe8 8.b3 Nbd7
9.Bb2 c6 10.Qc2 Qh5 11.e4 fxe4 12.Nxe4 Nxe4 13.Qxe4 Nf6 14.Qe2 Bd7 15.Rfe1 g5
16.Rad1 Rf7 17.c5 Raf8 18.Ba3 Nd5 19.cxd6 Bf6 20.Rd2 Nc3 21.Qd3 Nb5 22.Bc1
Nxd6 23.Ba3 Be7 24.Ne5 Be8 25.Nxf7 Bxf7 26.d5 cxd5 27.Bxd5 exd5 28.Rxe7 Ne4
29.Re2 Rc8 30.Bb2 Kf8 31.Rxb7 Be6 32.Rxe4 {#r} 1-0

[Event "Dos Hermanas Qualifier (14-A)"]
[Site "masterchessopen.com - Internet"]
[Date "2003.03.14"]
[Round "1"]
[White "Nakamura Hikaru (USA)"]
[Black "Catereniuc Dragos (ROM)"]
[Result "1-0"]
[WhiteElo "2620"]
[BlackElo "2131"]

1.d4 e6 2.c4 f5 3.g3 Nf6 4.Bg2 Be7 5.Nf3 O-O 6.O-O d6 7.b3 Qe8 8.Nc3 Nbd7
9.Ng5 Bd8 10.d5 e5 11.Ne6 Rf7 12.Nb5 Nf8 13.Ng5 Re7 14.a4 h6 15.Nf3 Qh5 16.c5
dxc5 17.d6 Rd7 18.Nxe5 Rxd6 19.Nxd6 cxd6 20.Qxd6 Be6 21.Bxb7 Ne4 22.Qd3 Rb8
23.Bd5 g5 24.Bxe6+ Nxe6 25.Qc4 Rb6 26.a5 Rd6 27.f3 Bf6 28.fxe4 Bxe5 29.exf5
Qh3 30.fxe6 Bxg3 31.e7+ Re6 32.e8=Q+ Kg7 33.Bb2+ {#r} 1-0

[Event "Dos Hermanas Qualifier (18-A)"]
[Site "masterchessopen.com - Internet"]
[Date "2003.03.18"]
[Round "1"]
[White "Sakaev Konstantin (RUS)"]
[Black "Catereniuc Dragos (ROM)"]
[Result "1-0"]
[WhiteElo "2669"]
[BlackElo "2131"]

1.d4 e6 2.c4 f5 3.g3 Nf6 4.Bg2 Be7 5.Nf3 O-O 6.O-O Qe8 7.Nc3 d6 8.b3 Nc6 9.Bb2
e5 10.dxe5 dxe5 11.Nd5 Bd8 12.Qc2 f4 13.Rad1 e4 14.Nd2 e3 15.Ne4 exf2+ 16.Rxf2
fxg3 17.Nexf6+ Bxf6 18.Rxf6 gxh2+ 19.Kh1 gxf6 20.Nxc7 Qh5 21.Nxa8 Bf5 22.Qc3
Ne5 23.Qg3+ Ng4 24.Nc7 Rc8 25.Nd5 Re8 26.Nxf6+ {#r} 1-0

[Event "Dos Hermanas Qualifier (18-A)"]
[Site "masterchessopen.com - Internet"]
[Date "2003.03.18"]
[Round "5"]
[White "Sakaev Konstantin (RUS)"]
[Black "Hanley Craig (ENG)"]
[Result "1-0"]
[WhiteElo "2669"]
[BlackElo "2396"]

1.d4 e6 2.c4 f5 3.g3 Nf6 4.Bg2 Be7 5.Nf3 O-O 6.O-O d6 7.Nc3 Qe8 8.b3 Nbd7
9.Bb2 Qh5 10.Qc2 Ng4 11.h3 Nh6 12.e4 f4 13.b4 g5 14.g4 Qg6 15.Rad1 Nf7 16.Rfe1
c6 17.Qb3 h5 18.e5 d5 19.cxd5 cxd5 20.Nxd5 exd5 21.e6 hxg4 22.exd7 gxf3
23.dxc8=Q Raxc8 24.Bxf3 Bf6 25.Qxd5 b6 26.Qe6 Qg7 27.b5 Rfd8 28.Rd2 Rc7 29.Qb3
Bxd4 30.Bxd4 Rxd4 31.Re8+ Kh7 32.Qb1+ Qg6 33.Qxg6+ Kxg6 34.Rxd4 {#r} 1-0

[Event "It (open)"]
[Site "masterchessopen.com - Banfield (Argentina)"]
[Date "2003.07.04"]
[Round "2"]
[White "Varela Daniel (ARG)"]
[Black "Villanueva Mario (ARG)"]
[Result "0-1"]
[WhiteElo "2126"]
[BlackElo "2168"]

1.Nf3 e6 2.d4 f5 3.g3 Nf6 4.Bg2 Be7 5.O-O O-O 6.c4 d6 7.Nc3 Qe8 8.b3 a5 9.Bb2
Na6 10.e3 Rb8 11.Rc1 c6 12.Qe2 b5 13.Rfe1 Bd7 14.Ba1 Ne4 15.Nxe4 fxe4 16.Nd2
d5 17.f3 exf3 18.Nxf3 Bd6 19.e4 Qh5 20.c5 Bc7 21.e5 Rf7 22.Rf1 Rbf8 23.a3 Bc8
24.Qe3 Bd8 25.Rce1 b4 26.a4 Nc7 27.h4 Ba6 28.Rf2 g5 29.hxg5 Bxg5 30.Nxg5 Rxf2
31.Nh3 R2f3 32.Qd2 Rxg3 33.Nf2 Rxg2+ 34.Kxg2 Qf3+ 35.Kg1 Qg3+ {#R} 0-1

[Event "Ch Russia (juniors) (under 16)"]
[Site "masterchessopen.com - Dagomys (Russia)"]
[Round "0"]
[White "Titkov Alexander (RUS)"]
[Black "Kuznetsov Maxim (RUS)"]
[Result "1-0"]
[WhiteElo "2090"]
[BlackElo "2029"]

1.d4 f5 2.g3 Nf6 3.Bg2 e6 4.Nf3 Be7 5.O-O O-O 6.c4 d6 7.Nc3 Qe8 8.b3 a5 9.Bb2
Na6 10.Re1 Qg6 11.e4 Nxe4 12.Nxe4 fxe4 13.Rxe4 Nb4 14.Qe2 e5 15.dxe5 Bf5
16.exd6 Bxe4 17.dxe7 Rfe8 18.Ne5 Bd3 19.Nxd3 Qxd3 20.Qe6+ Kh8 21.Bxb7 Rab8
22.Be4 Qd2 23.Qh3 h6 24.Qf5 {#r} 1-0

[Event "Ch Great Britain"]
[Site "masterchessopen.com - Scarborough (England)"]
[Date "2004.08.07"]
[Round "6"]
[White "Rowson Jonathan (SCO)"]
[Black "Williams Simon (ENG)"]
[Result "1-0"]
[WhiteElo "2577"]
[BlackElo "2473"]

{ } 1.d4 { 1 } 1...e6 2.c4 f5 3.g3 Nf6 4.Bg2 Be7 5.Nf3 O-O 6.O-O d6 7.Nc3 Qe8
8.b3 { ?/= } 8...Ne4 ( 8...a5 9.Bb2 Na6 10.e3 Qh5 11.a3 Rb8 12.Ne1 Qxd1
13.Rxd1 c6 14.Nd3 Bd7 15.e4 fxe4 16.Nxe4 Nxe4 17.Bxe4 Bf6 18.Rd2 d5 19.Bg2 a4
20.cxd5 axb3 21.dxc6 Bxc6 22.Nc1 Ba4 23.Bh3 Kf7 24.Re1 Rfe8 25.Rde2 Nc7 26.Re3
b5 27.Nxb3 b4 28.Nc5 { ...1/2-1/2, Dizdar Goran 2450 - Kacheishvili Giorgi
2598 , Debrecen 1992 Ch Europe (team) } ) 9.Nxe4 { N } ( 9.Bb2 Bf6 10.Rc1 (
10.Qc2 Nxc3 11.Bxc3 Bd7 12.Rad1 Nc6 13.d5 Nd8 14.Nd4 Bxd4 15.Bxd4 e5 16.Bb2 f4
17.c5 Rf6 18.gxf4 Rxf4 19.e3 Rh4 20.f4 Nf7 21.Rc1 Nh6 22.c6 bxc6 23.dxc6 Bf5
24.Qf2 Rxh2 25.Bd5+ Kh8 26.Qxh2 Ng4 27.Qg3 { 1-0, Prang Edgar Dr 2249 - Lovati
Paolo 2080 , Arco 1999 It (open) } ) 10...Nxc3 11.Bxc3 Nc6 12.d5 Nd8 13.c5
exd5 14.Qxd5+ Be6 15.Qd3 Bxc3 16.Rxc3 d5 17.b4 a6 18.a4 Qxa4 19.Nd4 { 1-0,
Khasin Alexander 2500 - Shilov Yuri 2311 , Krasnoyarsk 1998 Cup Russia } ) (
9.Qc2 Nxc3 10.Qxc3 Qh5 11.Qe3 Nc6 12.Rb1 Bf6 13.Bb2 Bd7 14.Qd2 Rae8 15.Rbe1
Bc8 16.d5 exd5 17.Bxf6 Rxf6 18.Qxd5+ Kh8 19.a3 a6 20.Qd2 f4 21.Qc3 Bh3 22.Bxh3
Qxh3 23.Ng5 Qg4 24.Nf3 Rh6 25.e4 Qh3 26.Rd1 Ne5 27.Rfe1 fxg3 28.Re3 Nxf3+ {
...0-1, Ebert B - Haselhorst Helmut 2133 , Muenster 1988 It (open) } )
9...fxe4 { } 10.Ne1 d5 { ?! } ( 10...Qg6 { !? } 11.Nc2 Nd7 12.f3 b6 { } )
11.f3 dxc4 12.bxc4 e5 13.dxe5 Bc5+ 14.Kh1 Qxe5 15.Bf4 Qh5 16.fxe4 Be6 17.Nd3
Bd4 { ? } ( { ? } 17...Nd7 18.Bf3 Qf7 19.Nxc5 Nxc5 { } ) 18.Rb1 g5 { ?! } (
18...Nd7 { !? } 19.Rxb7 Bb6 20.Bxc7 Nc5 { } ) 19.Rb5 h6 20.Rxb7 { ? } ( { ? }
20.Bxc7 Rxf1+ 21.Qxf1 Na6 22.Bd6 { } ) 20...Nd7 { ? } ( { ? } 20...Na6 21.Be5
Rxf1+ 22.Qxf1 Rf8 { } ) 21.Rxc7 Nf6 { ?! } ( 21...Rac8 { !? } 22.Bf3 Qg6 23.e3
Rxc7 { } ) 22.Be5 Rad8 23.Bxf6 Bxf6 24.e5 Bg7 25.Rxf8+ Bxf8 26.Qf1 { } {#r}
1-0

[Event "Ch Great Britain (seniors)"]
[Site "masterchessopen.com - Scarborough (England)"]
[Date "2004.08.11"]
[Round "5"]
[White "Smith David (ENG)"]
[Black "Ellison Derek George (ENG)"]
[Result "1-0"]
[WhiteElo "1954"]
[BlackElo "2097"]

1.d4 e6 2.Nf3 f5 3.g3 Nf6 4.Bg2 Be7 5.O-O O-O 6.c4 d6 7.Nc3 Qe8 8.b3 Nc6 9.Bb2
Bd7 10.a3 Qh5 11.b4 Rae8 12.e3 Bc8 13.d5 Nb8 14.Nb5 c6 15.Nc7 Rd8 16.Nxe6 Bxe6
17.dxe6 Na6 18.Nd4 Nc7 19.Qxh5 Nxh5 20.b5 c5 21.Ne2 b6 22.a4 Bf6 23.Bxf6 Rxf6
24.a5 Rxe6 25.axb6 axb6 26.Ra7 Re7 27.Rb7 Nf6 28.Rxb6 d5 29.cxd5 Ncxd5 30.Rc6
Rc7 31.Rd1 Rdd7 32.Rxd5 Nxd5 33.Bxd5+ Kf8 34.Rxc7 Rxc7 35.b6 Rc8 36.b7 Rb8
37.Nc3 Ke7 38.Kf1 Kd6 39.Ke2 g6 40.Kd3 Ke5 41.Kc4 {#r} 1-0

[Event "It (open)"]
[Site "masterchessopen.com - Znojmo (Czech Republic)"]
[Date "2005.05.17"]
[Round "4"]
[White "Bartos Jan (CZE)"]
[Black "Garbuszus Juergen (GER)"]
[Result "1-0"]
[WhiteElo "2249"]
[BlackElo "2074"]

1.d4 f5 2.g3 Nf6 3.Bg2 e6 4.Nf3 d6 5.O-O Be7 6.c4 O-O 7.Nc3 Qe8 8.b3 a5 9.Bb2
Na6 10.e3 c6 11.Qe2 Ne4 12.Nxe4 fxe4 13.Nd2 d5 14.f3 Qh5 15.a3 Bd7 16.Rae1
exf3 17.Bxf3 Qg5 18.e4 Nc7 19.Qg2 Rf7 20.exd5 exd5 21.cxd5 Nxd5 22.Re5 Bh3
23.Qxh3 Qxd2 24.Bxd5 cxd5 {#r} 1-0